000 00612cab a2200241 4500
001 X202
008 090401t1992 xxu||||| |||| 00| 0 eng d
035 _a(Sirsi) u64370
041 _aeng
245 4 _aThe 5th professional league
260 _c1992
350 _a0
490 _aBuilding
_v257(7763) 25 September 1992, 24-29(6)
650 _aBUILDING SURVEYORS
650 _aCONSULTING ENGINEERS
650 _aLEAGUE TABLES
650 _aMULTIDISCIPLINARY CONSULTANCIES
650 _aQUANTITY SURVEYORS
650 _aRANKINGS
690 _aBUILT ENVIRONMENT
942 _n0
948 _c04/03/1997
999 _c40089
_d40089